000 00419ntaaa2200181 4500
003 01
005 20251027201740.0
008 0714s1973 ag 01
040 _aAR-BaBN
_bspa
_cAR-BaBN
_eaacr
_dRIC
082 _a239.0000 R39
100 _aRichardson, Alan
245 _aChristian Apologetics
250 _a1 ed.
260 _aLondon :
_bSCM Press,
_cc1955
300 _a256 p
650 _aapologetica
942 _cBK
999 _c12171
_d12171